All 6 Letter Words that Begin With Q - Statistics

General Stats
  • This quiz has been taken 9 times
  • The average score is 27 of 131
Answer Stats
% Correct
quills
100%
queens
89%
quicks
89%
quints
89%
quacks
78%
quarts
78%
queers
78%
queest
78%
quells
78%
quiets
78%
quails
67%
quests
67%
quaint
56%
quants
56%
quarks
56%
quartz
56%
queues
56%
quilts
56%
quiver
56%
quotes
56%
quacky
44%
quaked
44%
quakes
44%
quarry
44%
quicky
44%
quoted
44%
quaffs
33%
quaily
33%
quaker
33%
quashy
33%
quaver
33%
queued
33%
queuer
33%
quiffs
33%
quince
33%
quippy
33%
quirks
33%
quorum
33%
quotas
33%
quoter
33%
quaggy
22%
quarle
22%
quarls
22%
Quassi
22%
queach
22%
quench
22%
quiche
22%
quinte
22%
quipus
22%
quires
22%
quirky
22%
quokka
22%
quadra
11%
qualms
11%
quarer
11%
queaks
11%
queans
11%
queasy
11%
queazy
11%
queefs
11%
queets
11%
quelch
11%
quesos
11%
quicas
11%
quilas
11%
quinas
11%
quinks
11%
quinoa
11%
quinta
11%
quinti
11%
quired
11%
quirts
11%
quitch
11%
quoits
11%
quolls
11%
qanats
0%
qantar
0%
qapiks
0%
qasida
0%
Qatari
0%
qiblah
0%
qiblas
0%
qigong
0%
qindar
0%
qinoth
0%
qirans
0%
qiviut
0%
quaere
0%
quagga
0%
quahog
0%
quaich
0%
quaigh
0%
qualia
0%
qualmy
0%
quandy
0%
quango
0%
quanta
0%
Quaoar
0%
Quapaw
0%
quarto
0%
quasar
0%
quasky
0%
quawks
0%
qubits
0%
Quebec
0%
quelea
0%
quenas
0%
quenda
0%
querns
0%
quesal
0%
quetch
0%
quetes
0%
Quiina
0%
quinol
0%
quinsy
0%
quinua
0%
quiras
0%
quises
0%
quisle
0%
quizee
0%
quoddy
0%
quohog
0%
quoins
0%
quonks
0%
quotee
0%
quotha
0%
quotum
0%
quozes
0%
Qurans
0%
qurush
0%
QWERTY
0%
No matching quizzes found
Score Distribution
Percent of People with Each Score
Percentile by Number Answered
Your Score History
You have not taken this quiz